Loading...
Literature - World Lit | 0 | 4 | 0 | 1 | 40 | 92 | 123.75 | 0 | 2 |
Literature - American Lit | 0 | 3 | 0 | 0 | 30 | 113 | 120.33 | 0 | 2 |
Other - Other Academic | 0 | 2 | 0 | 0 | 20 | 114 | 115.50 | 0 | 1 |
Literature - Euro Lit | 0 | 2 | 0 | 1 | 20 | 117 | 121.00 | 0 | 1 |
History - Other History | 0 | 2 | 0 | 1 | 20 | 133 | 136.00 | 0 | 2 |
Arts - Painting | 0 | 2 | 0 | 0 | 20 | 104 | 127.00 | 1 | 2 |
Thought - Philosophy | 0 | 2 | 1 | 1 | 15 | 111 | 117.00 | 0 | 1 |
Arts - Other Arts | 0 | 1 | 0 | 1 | 10 | 127 | 127.00 | 0 | 0 |
History - Euro History | 0 | 1 | 0 | 1 | 10 | 132 | 132.00 | 0 | 1 |
History - World History | 0 | 1 | 0 | 0 | 10 | 119 | 119.00 | 0 | 1 |
Science - Chemistry | 0 | 1 | 0 | 0 | 10 | 98 | 98.00 | 0 | 0 |
Beliefs - Religion | 0 | 1 | 1 | 0 | 5 | 97 | 97.00 | 0 | 1 |
Beliefs - Mythology | 0 | 1 | 1 | 1 | 5 | 142 | 142.00 | 0 | 1 |
Thought - Social Science | 0 | 0 | 0 | 0 | 0 | 0.00 | 0 | 0 | |
History - American History | 0 | 0 | 0 | 0 | 0 | 0.00 | 0 | 0 | |
Science - Physics | 0 | 0 | 1 | 0 | -5 | 0.00 | 0 | 0 | |
Other - Pop Culture | 0 | 0 | 1 | 0 | -5 | 0.00 | 0 | 0 | |
Science - Biology | 0 | 0 | 2 | 0 | -10 | 0.00 | 0 | 0 |